| 000 | 00514nam a22001817a 4500 | ||
|---|---|---|---|
| 999 |
_c193376 _d193376 |
||
| 005 | 20221025162000.0 | ||
| 010 | _aENG-135534 | ||
| 020 |
_c195.00 _a9789382524267 |
||
| 035 | _aEN-119066 | ||
| 037 | _bDBAD/PUB | ||
| 082 | _aN | ||
| 100 | _aArora, anmol | ||
| 245 |
_alovelicious:and that'swhat love is/ _cBy Anmol arora |
||
| 260 |
_aNew delhi _c2016 _bThe book line |
||
| 270 |
_bNew delhi _a106,4787/23, 1st floor, ansari road, darya ganj _e110002 |
||
| 300 |
_a142p. _c18m(pbk) |
||
| 942 |
_2ddc _cEN _mARO _hN |
||